书目信息 |
| 题名: |
城市风道量化模拟分析与规划设计
|
|
| 作者: | 王伟武 著 | |
| 分册: | ||
| 出版信息: | 杭州 浙江大学出版社 2020.03 |
|
| 页数: | 230页 | |
| 开本: | 24cm | |
| 丛书名: | ||
| 单 册: | ||
| 中图分类: | P463.3 | |
| 科图分类: | ||
| 主题词: | 风--feng--城市气候--研究 | |
| 电子资源: | ||
| ISBN: | 978-7-308-20066-0 | |
| 000 | 01429nam0 2200265 450 | |
| 001 | 2048210184 | |
| 005 | 20201105132338.03 | |
| 010 | @a978-7-308-20066-0@dCNY59.00 | |
| 100 | @a20200609d2020 em y0chiy50 ea | |
| 101 | 0 | @achi |
| 102 | @aCN@b330000 | |
| 105 | @aak a 000yy | |
| 200 | 1 | @a城市风道量化模拟分析与规划设计@Acheng shi feng dao liang hua mo ni fen xi yu gui hua she ji@d= Urban wind corridor quantitative simulation analysis and planning design@f王伟武著@zeng |
| 210 | @a杭州@c浙江大学出版社@d2020.03 | |
| 215 | @a230页@c图@d24cm | |
| 300 | @a国家自然科学基金项目“基于多源空间数据同化与风场影响参数量化模拟分析的城市风道规划方法研究” 浙江大学教育基金会建筑工程学院金成城乡规划学科发展专项基金 | |
| 314 | @a王伟武, 浙江大学城乡规划理论与技术研究所副所长, 副教授。 | |
| 320 | @a有书目 | |
| 330 | @a本书从城市风特征、城市地表温度的遥感定量分析、基于多孔介质的风场模拟等关键技术及规划调控管理角度的方向出发, 以中尺度应用风特征分析、地表温度遥感及多孔介质CFD模拟等方法揭示城市风道风场的量化特征, 对城市进行风道定量模拟研究, 并从城市规划与管理的视角提出城市风道规划与设计策略, 对于应对城市气候变化、进行城市规划优化设计有重要的科学及现实意义等。 | |
| 510 | 1 | @aUrban wind corridor quantitative simulation analysis and planning design@zeng |
| 606 | 0 | @a风@Afeng@x城市气候@x研究 |
| 690 | @aP463.3@v5 | |
| 701 | 0 | @a王伟武@Awang wei wu@4著 |
| 801 | 0 | @aCN@b人天书店@c20201024 |
| 905 | @aZUCC@dP463.3@eW377 | |
| 城市风道量化模拟分析与规划设计= Urban wind corridor quantitative simulation analysis and planning design/王伟武著.-杭州:浙江大学出版社,2020.03 |
| 230页:图;24cm |
| 国家自然科学基金项目“基于多源空间数据同化与风场影响参数量化模拟分析的城市风道规划方法研究” 浙江大学教育基金会建筑工程学院金成城乡规划学科发展专项基金 |
| ISBN 978-7-308-20066-0:CNY59.00 |
| 本书从城市风特征、城市地表温度的遥感定量分析、基于多孔介质的风场模拟等关键技术及规划调控管理角度的方向出发, 以中尺度应用风特征分析、地表温度遥感及多孔介质CFD模拟等方法揭示城市风道风场的量化特征, 对城市进行风道定量模拟研究, 并从城市规划与管理的视角提出城市风道规划与设计策略, 对于应对城市气候变化、进行城市规划优化设计有重要的科学及现实意义等。 |
| ● |
| 相关链接 |
|
|
|
正题名:城市风道量化模拟分析与规划设计
索取号:P463.3/W377
 
预约/预借
| 序号 | 登录号 | 条形码 | 馆藏地/架位号 | 状态 | 备注 |
| 1 | 1479032 | 214790323 | 自科库401/401自科库 128排2列1层/ [索取号:P463.3/W377] | 在馆 | |
| 2 | 1479033 | 214790332 | 期刊室512/401自科库 122排2列4层/ [索取号:P463.3/W377] | 在馆 |